000 00520nam a22001697a 4500
003 MACL
005 20160519161823.0
008 160519b xxu||||| |||| 00| 0 eng d
040 _cMACL
041 _aHindi
082 _a891.433
100 _aगुप्‍त, योगेश
_945367
245 _aमेरे अंतरिक्ष
_cयोगेश गुप्‍त
260 _aदिल्‍ली
_bलोकवाणी प्रकाशन
_c1994
650 _aStories
_958279
942 _2ddc
_cHIN
999 _c54041
_d54041